[Event "IRI-ch U14"]
[Site "Chess.com INT"]
[Date "2021.01.16"]
[Round "8"]
[White "Nooraei, Nima"]
[Black "Mashhadi Merdasi, Mohammad Mahdi"]
[Result "1-0"]
[WhiteElo "1018"]
[BlackElo "1224"]
[PlyCount "53"]
[EventDate "2021.01.16"]
[EventType "swiss"]
[EventRounds "11"]
[EventCountry "IRI"]
[SourceTitle "EXT 2022"]
[Source "ChessBase"]
[SourceDate "2021.10.06"]
[SourceVersion "1"]
[SourceVersionDate "2021.10.06"]
[SourceQuality "1"]

1. e4 d6 2. d4 Nf6 3. Nc3 g6 4. f4 Nbd7 5. e5 dxe5 6. dxe5 Nh5 7. Be3 Ng7 8. Nf3 Ne6 9. Qe2 Bg7 10. 0-0-0 b6 11. g4 Bb7 12. f5 Nec5 13. Bxc5 bxc5 14. e6 Bd4 15. Bg2 Nb6 16. exf7+ Kxf7 17. fxg6+ Ke8 18. Nxd4 Bxg2 19. Ne6 Bxh1 20. Ng7+ Kf8 21. Rf1+ Kxg7 22. Qe5+ Kg8 23. Qe6+ Kg7 24. Rf7+ Kh6 25. gxh7+ Kg5 26. Qf5+ Kh4 27. Qh5# 1-0